000 00845nam a22002777a 4500
001 0015963
003 KOHA_MİRAKIL
005 20260207002049.0
007 ta
008 100402b1986 enk |||gr||||#0|||1|eng |
020 _a0004330145
_q(pbk.) : £2.95
_q
_c3
040 _aTR-BiSEU
_btur
_cTR-BiSEU
_erda
041 0 _aeng
044 _cenk
050 _aPE1591
_b.C64 1986
245 1 4 _aThe Collins paperback thesaurus in A-to-Z form/
_cmanaging editor, William T. McLeod.
264 1 _aLondon :
_bCollins
_c1986
300 _aviii, 631 pages; 20 cm.
336 _ametin
_btxt
_2rdacontent
337 _aaracısız
_bn
_2rdamedia
338 _acilt
_bnc
_2rdacarrier
500 _a"Based on the successful New Collins thesaurus"--Cover.
650 0 _aEnglish language--Synonyms and antonyms.
_937072
907 _aDil
942 _2lcc
_cBK
999 _c15925
_d15925